Pekári bojujú o prežitie

Ak sa nezvýšia ceny pekárenských výrobkov aspoň o 15 percent, viacero pekárni môže v krátkom čase skrachovať. Cestu z krízy pekári vidia v budovaní vlastnej obchodnej siete a v dodávke pečiva do lokálnych obchodov s potravinami.

Guardado en:
Detalles Bibliográficos
Autor principal: Kapsdorfer, Erik
Formato: Capítulo de libro
Lenguaje:eslovaco
Materias:
Etiquetas: Agregar Etiqueta
Sin Etiquetas, Sea el primero en etiquetar este registro!

MARC

LEADER 00000naa a2200000 4500
001 0192142
005 20231208070335.7
041 0 |a slo 
044 |a SK 
245 1 0 |a Pekári bojujú o prežitie  |c Erik Kapsdorfer 
520 |a Ak sa nezvýšia ceny pekárenských výrobkov aspoň o 15 percent, viacero pekárni môže v krátkom čase skrachovať. Cestu z krízy pekári vidia v budovaní vlastnej obchodnej siete a v dodávke pečiva do lokálnych obchodov s potravinami. 
610 2 0 |a pekárenstvo 
610 2 0 |a potraviny 
610 2 0 |a Slovensko 
100 1 |a Kapsdorfer, Erik